Постановление ГКО СССР № 2114 сс о сформировании 7-8 стрелковых дивизий в Северо-Кавказском военном округе, с приложением записк...

RUSMARC
00003520cbm0a2200253#x 450
001e92384e4-6091-4a67-be03-faf880ab0a5e
00520220815105719.0
100##$a20220811j19420728k###0rusy50 ca
1010#$arus
102##$aRU
105##$ay###z########
1220#$ad19420728##
2001#$aПостановление ГКО СССР № 2114 сс о сформировании 7-8 стрелковых дивизий в Северо-Кавказском военном округе, с приложением записки Щаденко Е. А. Сталину И. В.
$j28 июля 1942 г.
251##$cДокумент
300##$aРассылочный и подлинный экземпляры
461#0$12001
$aФ. 644
$1251
$cФонд
$1852
$j644
462#0$12001
$aОп. 1
$1251
$cОпись
$1852
$j1
605##$2prlib_sh
$3LIBNET\UAF\0000088514
$aВторая мировая война в архивных документах (Комплекс оцифрованных архивных документов, кино- и фотоматериалов)
$lколлекция
686##$a63.3(2)622-3ю11
$vLBC/M
$2rubbk
801#0$aRU
$bТюменская ОНБ
$c20220811
801#1$aRU
$bТюменская ОНБ
$c20220811
$2rusmarc
801#2$aRU
$bПБ им. Б.Н. Ельцина
$c20220815
$2rusmarc
850##$aРоссийский государственный архив социально-политической истории
852##$aРГАСПИ
$jД. 48. Л. 118; Оп. 2. Д. 84. Л. 3-5
035##$aLIBNET\0001263674
937##$d178119982
$hФедеральное архивное агентство
8564#$uhttp://readingroom.main.prlib.ru/item.aspx?id_node=n178119982&mode=full
Формат отображения